000 00631nam a22001817a 4500
999 _c16511
_d16511
008 170926b xxu||||| |||| 00| 0 eng d
020 _a1292063836
040 _aKABU
_cKABU
050 _aKTC HD58.8
_b.S46 2016
100 _aSenior, Barbara
245 _aOrganizational change
_cby Barbara Senior and Stephen Swailes
250 _a5th ed.
260 _aHarlow, England
_bPearson
_c2016
300 _axxi, 392 p.
650 _aOrganizational change
700 _aSwailes, Stephen
942 _2lcc
_cBK
_e5th ed.
_hKTC HD58.8 .S46 2016